[Event "Turin Piemonte op 9th"]
[Site "Turin"]
[Date "2009.09.19"]
[Round "2"]
[White "Flego, Dario"]
[Black "Topczewski, Damian"]
[Result "0-1"]
[WhiteElo "1595"]
[BlackElo "2126"]
[PlyCount "96"]
[EventDate "2009.09.18"]
[EventType "swiss"]
[EventRounds "5"]
[EventCountry "ITA"]
[SourceTitle "EXT 2012"]
[Source "ChessBase"]
[SourceDate "2011.11.24"]
[SourceVersion "1"]
[SourceVersionDate "2011.11.24"]
[SourceQuality "1"]

1. c4 c6 2. Nc3 d5 3. cxd5 cxd5 4. d4 Nf6 5. Nf3 Nc6 6. g3 g6 7. Bg2 Bg7 8. 0-0 0-0 9. Bf4 Nh5 10. Qd2 Nxf4 11. Qxf4 Nxd4 12. Nxd4 e5 13. Qd2 exd4 14. Nxd5 Be6 15. Nf4 Qb6 16. Nxe6 fxe6 17. b3 Rac8 18. Rac1 Rc3 19. Rxc3 dxc3 20. Qc2 Qa6 21. Rd1 b5 22. Be4 b4 23. h4 Qb5 24. Bd3 Qc5 25. e3 Bh6 26. Rf1 Qe5 27. Kg2 Rd8 28. Rd1 Qd5+ 29. Kg1 Qe5 30. Kg2 a5 31. Be2 Rf8 32. Rf1 Qd5+ 33. Kg1 Kh8 34. Rd1 Qc5 35. Kg2 e5 36. h5 Qc6+ 37. Kg1 Qf6 38. Bg4 Qg5 39. Be6 gxh5 40. Rd7 Bg7 41. Bc4 h4 42. Kg2 hxg3 43. fxg3 Qxe3 44. Kh3 e4 45. Bd5 Qh6+ 46. Kg2 e3 47. Kg1 e2 48. Qxe2 Bd4+ 0-1